01201nam a22003017a 4500003000400000005001700004008004100021040002200062082001800084100002500102245003000127260006000157300002100217366000800238490002700246505001200273505004900285505017600334505001200510650005500522650004700577650004800624650004300672650004500715650005600760650004700816700003600863OSt20230616081857.0221006b |||||||| |||| 00| 0 eng d cBiblioteca Lado V a709.05bG851a aGriffin, Timeeditor aArtforum/bInternacional/ aNew Yorkc2001bNew York editorial and business offices c26.5x27cma160p. eeng aMarzov2001x0864-1315 tLetters tCOLUMNSaBooks Film Hotlist News Top Ten tFeaturesaThe Hole Truth Net Gains: A Roundtable on New-Media Art A Thousand Words: Vincent Fecteau Shroud of Truro: The Art of Matthew Benedict Openings: Chris Verene tReviews 2Tesauro de Arte & ArquitecturaaARTE COMTEMPORANEO 2Tesauro de Arte & ArquitecturaaFOTOGRAFIA 2Tesauro de Arte & ArquitecturaaARTE VISUAL 2Tesauro de Arte & ArquitecturaaLIBROS 2Tesauro de Arte & ArquitecturaaNOTICIAS 2 Tesauro de Arte & ArquitecturaaARTE INTERNACIONAL 2 Tesauro de Arte & ArquitecturaaESCULTURA aNavarreta, Jose Antonioeeditor